000
00299nam a22001217a 4500
003
OSt
008
240802b |||||||| |||| 00| 0 eng d
100
_a
Jha, Ramesh Kumar.
245
_a
Perspective Cand use Planning of Forestry in Bihar
260
_a
Pusa
_b
RAU
300
_a
106p.
942
_2
ddc
_c
DRB
999
_c
43142
_d
43142